[Event "Kimry Summer op2"]
[Site "Kimry"]
[Date "2015.08.29"]
[Round "7"]
[White "Chernyaev, Vladimir"]
[Black "Dementieva, Ksenia"]
[Result "0-1"]
[WhiteElo "1567"]
[BlackElo "1271"]
[PlyCount "64"]
[EventDate "2015.08.26"]
[EventType "swiss"]
[EventRounds "7"]
[EventCountry "RUS"]
[SourceTitle "EXT 2016"]
[Source "ChessBase"]
[SourceDate "2015.10.08"]
[SourceVersion "1"]
[SourceVersionDate "2015.10.08"]
[SourceQuality "1"]

1. d4 d5 2. c4 Nf6 3. Nf3 Nc6 4. e3 Bg4 5. cxd5 Nxd5 6. Qb3 Nb6 7. Be2 e6 8. 0-0 Bd6 9. Nc3 a6 10. e4 Bxf3 11. Bxf3 Nxd4 12. Qd1 Nxf3+ 13. Qxf3 0-0 14. Rd1 Qe7 15. Qh5 Qf6 16. f4 Bxf4 17. Rf1 Qd4+ 18. Kh1 Bxc1 19. Raxc1 Na4 20. Rcd1 Qc4 21. Rf3 c6 22. Rd7 g6 23. Qh6 Rad8 24. Rxd8 Rxd8 25. Qg5 Rd7 26. Qe5 Qd4 27. Qb8+ Kg7 28. h3 Nxc3 29. bxc3 Qxe4 30. Qe8 Qe1+ 31. Kh2 Qe5+ 32. Rg3 Rd3 0-1

[Event "Kimry Summer op2"]
[Site "Kimry"]
[Date "2015.08.27"]
[Round "4"]
[White "Slepchenko, Kaspar"]
[Black "Chernyaev, Vladimir"]
[Result "0-1"]
[WhiteElo "1089"]
[BlackElo "1567"]
[PlyCount "36"]
[EventDate "2015.08.26"]
[EventType "swiss"]
[EventRounds "7"]
[EventCountry "RUS"]
[SourceTitle "EXT 2016"]
[Source "ChessBase"]
[SourceDate "2015.10.08"]
[SourceVersion "1"]
[SourceVersionDate "2015.10.08"]
[SourceQuality "1"]

1. e4 c5 2. Nf3 d6 3. Nc3 e5 4. g3 Nf6 5. Bg2 Be7 6. 0-0 0-0 7. d3 Nc6 8. Be3 Be6 9. Ng5 d5 10. Nxe6 fxe6 11. a3 d4 12. Bg5 dxc3 13. Be3 b5 14. Qb1 Rb8 15. Qa2 Kh8 16. Qxe6 Qc8 17. Qb3 a5 18. d4 cxd4 0-1

[Event "Kimry-ch"]
[Site "Kimry"]
[Date "2015.01.06"]
[Round "8"]
[White "Kuryshkin, Anatoliy"]
[Black "Chernyaev, Vladimir"]
[Result "1-0"]
[WhiteElo "1937"]
[BlackElo "1635"]
[PlyCount "49"]
[EventDate "2015.01.02"]
[EventType "swiss"]
[EventRounds "9"]
[EventCountry "RUS"]
[SourceTitle "CBM 164 Extra"]
[Source "ChessBase"]
[SourceDate "2015.03.02"]
[SourceVersion "1"]
[SourceVersionDate "2015.03.02"]
[SourceQuality "1"]

1. e4 d6 2. d4 Nf6 3. Nc3 g6 4. Bg5 Bg7 5. Qd2 0-0 6. 0-0-0 Nbd7 7. Kb1 c5 8. e5 cxd4 9. exf6 dxc3 10. fxe7 Qb6 11. exf8Q+ Nxf8 12. Qc1 cxb2 13. Qe3 Be6 14. Qxb6 axb6 15. c4 b5 16. Nf3 bxc4 17. Nd4 c3 18. Nxe6 Nxe6 19. Be3 Nc5 20. Bxc5 dxc5 21. Bc4 Bd4 22. Rhe1 b5 23. Bxb5 c2+ 24. Kxc2 Rxa2 25. Rxd4 1-0

[Event "Kimry Summer op 63rd"]
[Site "Kimry"]
[Date "2012.06.11"]
[Round "7"]
[White "Chernyaev, Vladimir"]
[Black "Khamko, Kristina"]
[Result "0-1"]
[WhiteElo "1747"]
[BlackElo "1622"]
[PlyCount "30"]
[EventDate "2012.06.08"]
[EventType "swiss"]
[EventRounds "7"]
[EventCountry "RUS"]
[SourceTitle "EXT 2014"]
[Source "ChessBase"]
[SourceDate "2013.11.20"]
[SourceVersion "1"]
[SourceVersionDate "2013.11.20"]
[SourceQuality "1"]

1. c4 c6 2. d4 d5 3. Nc3 Nf6 4. Bf4 Bf5 5. e3 e6 6. cxd5 cxd5 7. Rc1 Bd6 8. Bxd6 Qxd6 9. Qb3 Qd7 10. Nb5 Nc6 11. Nd6+ Qxd6 12. Qxb7 Qb4+ 13. Qxb4 Nxb4 14. Bb5+ Kd8 15. Nf3 Nd3+ 0-1

[Event "Kimry Winter op"]
[Site "Kimry"]
[Date "2012.01.28"]
[Round "3"]
[White "Chernyaev, Vladimir"]
[Black "Dementieva, Julia"]
[Result "0-1"]
[WhiteElo "1754"]
[BlackElo "1665"]
[PlyCount "144"]
[EventDate "2012.01.27"]
[EventType "swiss"]
[EventRounds "8"]
[EventCountry "RUS"]
[SourceTitle "CBM 146 Extra"]
[Source "ChessBase"]
[SourceDate "2012.02.29"]
[SourceVersion "1"]
[SourceVersionDate "2012.02.29"]
[SourceQuality "1"]

1. c4 e5 2. Nc3 Nc6 3. Nf3 Nf6 4. b3 Bc5 5. Bb2 d6 6. h3 0-0 7. e3 Re8 8. Be2 Bf5 9. 0-0 Bg6 10. Re1 Qd7 11. d4 exd4 12. exd4 Bb6 13. a3 a5 14. d5 Nb8 15. Na4 Na6 16. Nxb6 cxb6 17. Bxf6 gxf6 18. Qd4 Qd8 19. Nh4 Nc5 20. Qc3 Rc8 21. f3 f5 22. Nxg6 fxg6 23. b4 Nd7 24. bxa5 bxa5 25. Rab1 b6 26. Bd3 Qf6 27. Rxe8+ Rxe8 28. Qxf6 Nxf6 29. Rxb6 Re1+ 30. Kf2 Ra1 31. Rb3 Kf7 32. Bb1 a4 33. Rb7+ Ke8 34. Kg3 Rxa3 35. Kf4 Rc3 36. Rb4 a3 37. Ra4 h6 38. g4 g5+ 39. Kxf5 Rxf3+ 40. Ke6 Kf8 41. Kxd6 Rxh3 42. Ra8+ Kg7 43. c5 Rh1 44. Bf5 Rd1 45. Ra7+ Kf8 46. Be6 Ne4+ 47. Kc6 Rc1 48. Rxa3 Rxc5+ 49. Kd7 Nf6+ 50. Kd6 Rc4 51. Ra8+ Kg7 52. Ra7+ Kh8 53. Ke7 Nxg4 54. Bxg4 Rxg4 55. Ra6 Kg7 56. Re6 h5 57. Re5 Kg6 58. Ke6 h4 59. d6 Ra4 60. d7 Ra8 61. Rd5 Rd8 62. Rd6 Kh5 63. Kf5 h3 64. Rd3 g4 65. Kf4 h2 66. Rd5+ Kh4 67. Rd6 Kh3 68. Rd3+ Kh4 69. Rd1 g3 70. Kf3 Rxd7 71. Rxd7 h1Q+ 72. Ke2 Qe4+ 0-1

[Event "Kimry Summer op"]
[Site "Kimry"]
[Date "2011.06.08"]
[Round "1"]
[White "Kolpakov, Nikolay Anastasievi"]
[Black "Chernyaev, Vladimir"]
[Result "1-0"]
[WhiteElo "2215"]
[BlackElo "1762"]
[PlyCount "89"]
[EventDate "2011.06.08"]
[EventType "tourn"]
[EventRounds "7"]
[EventCountry "RUS"]
[SourceTitle "CBM 142 Extra"]
[Source "ChessBase"]
[SourceDate "2011.06.27"]
[SourceVersion "1"]
[SourceVersionDate "2011.06.27"]
[SourceQuality "1"]

1. e4 c5 2. Nf3 e6 3. d4 cxd4 4. Nxd4 Nf6 5. Nc3 d6 6. Be2 a6 7. a4 Nbd7 8. 0-0 Rb8 9. f4 b6 10. Nc6 Qc7 11. Nxb8 Qxb8 12. Bf3 Bb7 13. Qe2 Nc5 14. e5 Bxf3 15. Rxf3 dxe5 16. fxe5 Ng4 17. Bf4 Be7 18. Raf1 Nd7 19. Rg3 Bc5+ 20. Kh1 h5 21. Ne4 Bd4 22. Nd6+ Kf8 23. Nxf7 Nf2+ 24. Rxf2 Bxf2 25. Nxh8 Bxg3 26. Bxg3 Qe8 27. Qd3 Kg8 28. Qg6 Qf8 29. h4 Kxh8 30. Qxe6 Nc5 31. Qxb6 Ne4 32. Qe3 Qf5 33. Kh2 Qg4 34. Qf4 Qe2 35. Qf3 Qxc2 36. Qxh5+ Kg8 37. Qe8+ Kh7 38. h5 Qc4 39. Qg6+ Kh8 40. b3 Qb4 41. h6 gxh6 42. Qxh6+ Kg8 43. Qe6+ Kf8 44. Bf4 Qxb3 45. Bh6# 1-0

[Event "Kimry Spring op"]
[Site "Kimry"]
[Date "2011.04.30"]
[Round "3"]
[White "Chernyaev, Vladimir"]
[Black "Atamyradova, Zheren"]
[Result "1-0"]
[WhiteElo "1741"]
[BlackElo "1565"]
[PlyCount "55"]
[EventDate "2011.04.29"]
[EventType "swiss"]
[EventRounds "8"]
[EventCountry "RUS"]
[SourceTitle "CBM 142 Extra"]
[Source "ChessBase"]
[SourceDate "2011.06.27"]
[SourceVersion "1"]
[SourceVersionDate "2011.06.27"]
[SourceQuality "1"]

1. c4 e5 2. Nc3 Nf6 3. Nf3 Nc6 4. e4 Bb4 5. Qc2 d6 6. a3 Bxc3 7. Qxc3 Nxe4 8. Qe3 Nf6 9. d4 0-0 10. d5 Ne7 11. Bd3 Bf5 12. Bxf5 Nxf5 13. Qg5 Ne7 14. h4 h5 15. g4 Nh7 16. Qxh5 f6 17. g5 Qe8 18. Qg4 Qf7 19. Rg1 g6 20. h5 f5 21. Qg2 e4 22. Nd4 Kh8 23. Ne6 Rg8 24. b3 gxh5 25. Bb2+ Nf6 26. Bxf6+ Qxf6 27. gxf6 Rxg2 28. Rxg2 1-0

[Event "Kimry Spring op"]
[Site "Kimry"]
[Date "2011.04.29"]
[Round "2"]
[White "Redikultsev, Boris"]
[Black "Chernyaev, Vladimir"]
[Result "1-0"]
[WhiteElo "2084"]
[BlackElo "1741"]
[PlyCount "63"]
[EventDate "2011.04.29"]
[EventType "swiss"]
[EventRounds "8"]
[EventCountry "RUS"]
[SourceTitle "CBM 142 Extra"]
[Source "ChessBase"]
[SourceDate "2011.06.27"]
[SourceVersion "1"]
[SourceVersionDate "2011.06.27"]
[SourceQuality "1"]

1. d4 Nf6 2. Nf3 e6 3. Bg5 d5 4. e3 h6 5. Bh4 Be7 6. Bd3 b6 7. 0-0 Ba6 8. Bxa6 Nxa6 9. c4 Nd7 10. Bxe7 Qxe7 11. Qa4 Nb4 12. a3 Nd3 13. Qc2 Nxb2 14. cxd5 exd5 15. Qxb2 0-0 16. Nc3 Nf6 17. Qd2 Kh8 18. a4 Ne4 19. Qd3 c6 20. Ne5 Nxc3 21. Qxc3 c5 22. dxc5 bxc5 23. Nd3 c4 24. Nf4 Rfd8 25. Rfd1 Qc5 26. Qd4 Qb4 27. Nxd5 Qb3 28. Qc3 Rab8 29. e4 Rxd5 30. Qxb3 Rxb3 31. exd5 c3 32. Rac1 1-0

[Event "Kimry 56 Rtng winter"]
[Site "Kimry"]
[Date "2011.01.23"]
[Round "6.5"]
[White "Chernyaev, Vladimir"]
[Black "Protasov, Sergey"]
[Result "1/2-1/2"]
[WhiteElo "1742"]
[BlackElo "1627"]
[PlyCount "93"]
[EventDate "2011.01.21"]
[EventType "swiss"]
[EventRounds "8"]
[EventCountry "RUS"]
[SourceTitle "EXT 2022"]
[Source "ChessBase"]
[SourceDate "2021.10.06"]
[SourceVersion "1"]
[SourceVersionDate "2021.10.06"]
[SourceQuality "1"]

1. c4 e5 2. Nc3 Nf6 3. g3 Nc6 4. Bg2 Bc5 5. Nf3 0-0 6. 0-0 d6 7. d3 Bg4 8. Bg5 h6 9. Bh4 Bxf3 10. Bxf6 Qxf6 11. Bxf3 Nd4 12. Bxb7 Rab8 13. Nd5 Qd8 14. b4 Bxb4 15. Nxb4 Rxb7 16. e3 Rxb4 17. exd4 exd4 18. Rb1 Rb8 19. Rb3 Rxb3 20. Qxb3 Qb8 21. Rb1 Qb6 22. Qxb6 axb6 23. Rb3 Ra8 24. a3 Kf8 25. Kg2 Ke7 26. Kf3 Ra5 27. Ke4 c5 28. Rxb6 Rxa3 29. f4 Ra2 30. Kd5 Rxh2 31. Rb7+ Kf6 32. Kxd6 Rd2 33. Kxc5 Rxd3 34. Rd7 Rxg3 35. Rxd4 Rc3 36. Kd6 h5 37. c5 h4 38. c6 h3 39. Rd2 Kf5 40. c7 Kxf4 41. Rd5 Kg3 42. Rg5+ Kh2 43. Rxg7 Kh1 44. Rxf7 h2 45. Rg7 Rc1 46. Kd7 Rxc7+ 47. Kxc7 1/2-1/2

[Event "Kimry 56 Rtng winter"]
[Site "Kimry"]
[Date "2011.01.23"]
[Round "5.6"]
[White "Kazantseva, Natalia"]
[Black "Chernyaev, Vladimir"]
[Result "0-1"]
[WhiteElo "1718"]
[BlackElo "1742"]
[PlyCount "56"]
[EventDate "2011.01.21"]
[EventType "swiss"]
[EventRounds "8"]
[EventCountry "RUS"]
[SourceTitle "EXT 2022"]
[Source "ChessBase"]
[SourceDate "2021.10.06"]
[SourceVersion "1"]
[SourceVersionDate "2021.10.06"]
[SourceQuality "1"]

1. e4 c5 2. Nf3 e6 3. g3 d6 4. Bg2 Bd7 5. 0-0 Nc6 6. d3 Nf6 7. Bg5 Be7 8. Qe2 e5 9. Nc3 Bg4 10. Nd5 Nxd5 11. Bxe7 Ndxe7 12. h3 Nd4 13. Qd1 Nxf3+ 14. Bxf3 Bxh3 15. Re1 Be6 16. Bg4 Bxg4 17. Qxg4 0-0 18. Kg2 f5 19. Qh4 Ng6 20. Qxd8 Raxd8 21. Rh1 f4 22. g4 d5 23. f3 dxe4 24. fxe4 c4 25. Rad1 cxd3 26. Rxd3 Rxd3 27. cxd3 Rd8 28. Rd1 Kf7 0-1

[Event "Kimry 56 Rtng winter"]
[Site "Kimry"]
[Date "2011.01.22"]
[Round "4.4"]
[White "Chernyaev, Vladimir"]
[Black "Dementieva, Julia"]
[Result "0-1"]
[WhiteElo "1742"]
[BlackElo "1611"]
[PlyCount "98"]
[EventDate "2011.01.21"]
[EventType "swiss"]
[EventRounds "8"]
[EventCountry "RUS"]
[SourceTitle "EXT 2022"]
[Source "ChessBase"]
[SourceDate "2021.10.06"]
[SourceVersion "1"]
[SourceVersionDate "2021.10.06"]
[SourceQuality "1"]

1. c4 e6 2. d4 d5 3. Nc3 Nf6 4. Bg5 Be7 5. e3 b6 6. Nf3 Bb7 7. Rc1 Nbd7 8. cxd5 exd5 9. a3 0-0 10. Bb5 a6 11. Bxd7 Nxd7 12. Bxe7 Qxe7 13. 0-0 Rfe8 14. Re1 Rac8 15. Qb3 Qd6 16. Qc2 h6 17. e4 dxe4 18. Nxe4 Qg6 19. Ng3 Qxc2 20. Rxe8+ Rxe8 21. Rxc2 c5 22. dxc5 Nxc5 23. b4 Nd3 24. Rc7 Bxf3 25. gxf3 Re1+ 26. Nf1 Ra1 27. Rc3 Nf4 28. Rc4 g5 29. Rc6 Kg7 30. Rxb6 Rxa3 31. Nd2 Ra1+ 32. Nf1 Ra2 33. Ne3 Ra1+ 34. Nf1 Nd5 35. Rb8 Ra4 36. b5 axb5 37. Rxb5 Nf4 38. Rb6 Ra1 39. Rd6 h5 40. h4 gxh4 41. Rd2 h3 42. Kh2 Rxf1 43. Rd4 Rxf2+ 44. Kg3 Ne2+ 45. Kxf2 Nxd4 46. f4 Nf5 47. Kg1 Kf6 48. Kh2 Ke6 49. Kxh3 Kd5 0-1